LIBRARY ONLINE CATALOGUE

The History of Islam in Africa / (Record no. 12639)

MARC details
000 -LEADER
fixed length control field 00706nam a22002292 4500
001 - CONTROL NUMBER
control field 0000001859
005 - DATE AND TIME OF LATEST TRANSACTION
control field 20151217155813.0
008 - FIXED-LENGTH DATA ELEMENTS--GENERAL INFORMATION
fixed length control field 070328s xx 000 0 eng d
020 ## - INTERNATIONAL STANDARD BOOK NUMBER
International Standard Book Number 085255782 :
Terms of availability KES 3,480
040 ## - CATALOGING SOURCE
Original cataloging agency KABU
Transcribing agency KABU
050 #0 - LIBRARY OF CONGRESS CALL NUMBER
Classification number BP64
Item number .A1H57
245 14 - TITLE STATEMENT
Title The History of Islam in Africa /
Statement of responsibility, etc. ed. by Nehemia Levtzion and Randall L. Pouwels.
260 ## - PUBLICATION, DISTRIBUTION, ETC. (IMPRINT)
Place of publication, distribution, etc. London :
Name of publisher, distributor, etc. James Currey,
Date of publication, distribution, etc. 2000.
300 ## - PHYSICAL DESCRIPTION
Extent x, 591 p.
650 #0 - SUBJECT ADDED ENTRY--TOPICAL TERM
Topical term or geographic name as entry element Islam
Geographic subdivision Africa
General subdivision History.
-- 0000150915
700 1# - ADDED ENTRY--PERSONAL NAME
Personal name Levtzion, Nehemiah.
-- 0000150916
700 1# - ADDED ENTRY--PERSONAL NAME
Personal name Pouwels, Randall L.
-- 0000150917
908 ## - PUT COMMAND PARAMETER (RLIN)
Put command parameter 070328
950 ## - LOCAL HOLDINGS (RLIN)
-- 1
Holdings
Withdrawn status Lost status Source of classification or shelving scheme Not for loan Home library Current library Date acquired Total Checkouts Full call number Barcode Date last seen Price effective from Koha item type Cost, normal purchase price
    Library of Congress Classification   Kabarak, Main Campus Kabarak, Main Campus 17/12/2015   BP64 .A1H57 2000 c.1 006361 17/12/2015 17/12/2015 Africana Collection  
    Library of Congress Classification   Kabarak, Main Campus Kabarak, Main Campus 17/12/2015   BP64 .A1H57 2000 c.2 032376 02/08/2024 17/12/2015 General Collection 3578.00